Tous les personnages de Smash Bros Ultimate - Statistiques

Statistiques générales
  • Ce quiz a été pris 33 fois
  • Le résultat moyen est 56 sur 84
Statistiques - réponses
Licence Personnages % Correct
Donkey Kong Donkey Kong
100%
Kirby Kirby
100%
The Legend of Zelda Link
100%
Super Mario Luigi
100%
Super Mario Mario
100%
Pokemon Pikachu
100%
Yoshi Yoshi
100%
The Legend of Zelda Zelda
97%
Star Fox Fox
93%
Super Mario Peach
93%
Super Mario Bowser
90%
Mii Combattant Mii
90%
Metroid Samus
90%
WarioWare Wario
90%
Super Mario Daisy
83%
Donkey Kong Diddy Kong
83%
Pac-Man Pac-Man
83%
Mega Man Mega Man
79%
Sonic The Hedgehog Sonic
79%
The Legend of Zelda Ganondorf
76%
Animal Crossing Marie
76%
Pokemon Mewtwo
76%
Pokémon Amphinobi
72%
Pokemon Pichu
72%
Kid Icarus Pit
72%
Street Fighter Ryu
72%
Bayonetta Bayonetta
69%
Star Fox Falco
69%
Street Fighter Ken
69%
EarthBound Ness
69%
Metal Gear Solid Snake
69%
Animal Crossing Villageois
69%
Duck Hunt Duo Duck Hunt
66%
Ice Climber Ice Climbers
66%
Splatoon Inkling
66%
Pokémon Lucario
66%
EarthBound Lucas
66%
Kirby Meta Knight
66%
Game & Watch Mr. Game & Watch
66%
Kirby Roi DaDiDou
66%
Pokemon Rondoudou
66%
Fire Emblem Roy
66%
F-Zero Captain Falcon
62%
The Legend of Zelda Link Cartoon
62%
Fire Emblem Marth
62%
Metroid Samus sans armure
62%
DLC - Minecraft Steve
62%
Star Fox Wolf
62%
Super Mario Dr. Mario
59%
Fire Emblem Ike
59%
The Legend of Zelda Link enfant
59%
Fire Emblem Lucina
59%
Pikmin Olimar
59%
Kid Icarus Palutena
59%
Kid Icarus Pit Maléfique
59%
The Legend of Zelda Sheik
59%
Final Fantasy Cloud
55%
Wii Fit Entraineuse Wii Fit
55%
Pokémon Félinferno
55%
Super Mario Harmonie & Luma
55%
Donkey Kong King K. Rool
55%
Metroid Ridley
55%
NES R.O.B.
55%
Metroid Samus sombre
55%
Castlevania Simon
55%
DLC - Banjo-Koozie Banjo & Koozie
52%
DLC - Persona Joker
52%
Punch-Out Little Mac
52%
DLC - Super Mario Plante Piranha
52%
Castlevania Richter
52%
DLC - Final Fantasy Séphiroth
52%
Super Mario Bowser Jr.
48%
Pokemon Dresseur de Pokemon
48%
DLC - Tekken Kazuya
48%
DLC - Kingdom Hearts Sora
48%
Fire Emblem Daraen
45%
DLC - Dragon Quest Héros
45%
DLC - ARMS Min Min
45%
Xenoblade Chronicles Shulk
45%
DLC - Fatal Fury Terry
45%
Fire Emblem Chrom
41%
Fire Emblem Corrin
41%
DLC - Xenoblade Chronicles Pyra / Mythra
41%
DLC - Fire Emblem Byleth
38%
Aucun quiz correspondant
Distribution des résultats
% des personnes avec chaque résultat
Percentile par nombre de réponses
Votre historique - résultats
Vous n’avez pas pris ce quiz